Регионална библиотека "Любен Каравелов" - Русе

Вещерът (Запис номер 193698)

MARC детайли
000 -Лидер
Контролно поле с фиксирана дължина 01848nam a2200385 c 4500
003 - Код на организацията, давaща контролен номер
Контролно поле BLK
005 - Дата и час на последна редакция
Контролно поле 20250121172852.0
008 - Елементи от данни с фиксирана дължина
fixed length control field 180411b bul|||||r ||||||| ||bul||
010 ## - Наследен системен номер
LC control number KNG00202920000
020 ## - Международен стандартен номер на книга ISBN
Международен стандартен номер на книга ISBN 978-954-28-2260-8
-- издат.: Сиела Норма - на том(кн. 2)
040 ## - Източник на каталожния запис
Идентификатор на билиотеката - собственик на записа BLK
041 ## - Код за език
Код за езика на текст/звукозапис или на отделно заглавие Български
Код за езика КДБФ Български
072 #7 - Код за тематичната категория
Код организация bullib
Код за тематична категория Н8302
Текст Фантастика Н
080 ## - УДК
Текстов определител УДК Полска литература
УДК код - определител по УДК 821.162.1
УДК определител -312.9
УДК - код + определител 821.162.1-312.9
100 1# - Редна дума - Автор
Автор Сапковски, Анджей
Авторска отговорност първи автор
R(LIN) 118890
139 ## - Редно поле
Редна дума Сапковски, Анджей
Авторски знак Сап - С 19
245 10 - Сведения за заглавието
Заглавие Вещерът
Подзаглавни данни Кн. 1 -
Редно поле (дума) Анджей Сапковски; прев. от пол. Васил Константинов Велчев.
Том Кн. 2
Заглавие на том Меч на съдбата
250 ## - Област на изданието
Сведения за изданието 2. изд.
257 ## - Страна на издаване
Страна на създаване/издаване Полша
260 ## - Област на издателските данни
-- София
Година на издаване 2016 -
300 ## - Физическа характеристика
Размери/Мащаб 21 см
380 ## - Жанр
Жанр Худож. лит.
500 ## - Общи забележки
Забележка 1. изд. 2008 на изд. ИнфоДАР в 7 кн.
653 ## - Ключова дума – ненормативна
Ключова дума фентъзи
653 ## - Ключова дума – ненормативна
Ключова дума романи
659 ## - Тематичен бюлетин
Тематичен бюлетин Н
700 1# - Други автори (авторска отговорност)
Лично име Велчев, Васил Константинов
Автороска отговорност (Описва отношението между автора и произведението) прев. от пол.
9 (RLIN) 367601
760 1# - Описание на основната серия
-- - на том(кн. 2)
Редна дума на основното описание Сапковски, Анджей
Издание 2. изд.
Място на издаване, издател и година Сиела Норма, 2017
Страници - том 384 с.
Забележка - том Ориг. загл. Miecz przeznaczenia / Andrzej Sapkowski. - Съдържа: Границата на възможното ; Парче лед ; Вечният огън ; Малка саможертва ; Мечът на предопределението ; Нещо повече.
Заглавие Кн. 2 Меч на съдбата
852 ## - Местоположение
Форматна сигнатура Цб 283347
856 4# - Електронен адрес и достъп
Електронен формат pdf - файл
Път до файла /url/
856 4# - Електронен адрес и достъп
Електронен формат pdf - файл
Път до файла /url/
942 ## - АРТИКУЛИ
Вид на библиотечния материал Книги
Скрит в OPAC Не
Koha issues (borrowed), all copies 19
944 ## - СЪЗДАВАНЕ И РЕДАКЦИЯ на ЗАПИСА
Създаване/Редакция Създаване
Дата на регистрацията/редакция 14.03.2017
Статус, дата на статуса Мартин Енчев
Служител, извършил регистрацията/редакцията 30575
944 ## - СЪЗДАВАНЕ И РЕДАКЦИЯ на ЗАПИСА
Създаване/Редакция Редакция
Дата на регистрацията/редакция 30.08.2017
Статус, дата на статуса ф /
Служител, извършил регистрацията/редакцията Виолета_Тройчева
999 ## - СИСТЕМНИ КОНТРОЛНИ НОМЕРА
Koha biblionumber 193698
Koha biblioitemnumber 193698
Наличности
Код за отписване Код за изгубен артикул Код за повреда Коз за рестрикции Код за отдаване Артикулен № Име на библиотеката - собственик Име на библиотеката, в която се намира в момента Статус (Текущо местоположение) Дата на вписване в системата Местоположение - отдел Цена в лева Инвентарен номер Систематично азбучна сигнатура Баркод Номер на екземпляра Цена в евро Служебна бележка Служебен тип на артикула Източник на класификационната схема
  Не е изгубен Не е повреден без рестрикции заемане за дома 339089 Регионална библиотека "Любен Каравелов" Русе Регионална библиотека "Любен Каравелов" Русе Заемна - подръчен фонд 2017-03-14 Заемна - подръчен фонд 6.50 120000808802 П 884-31/С 19 120000808802 1 3.32 Дост: Pk Вид: Ф N: 1608 Дата: 03.03.2017 Дата инв: 20.02.2018 Бележки инв: П2018 Книги  
  Не е изгубен Не е повреден   заемане за дома 756254 Регионална библиотека "Любен Каравелов" Русе Регионална библиотека "Любен Каравелов" Русе Заемна - подръчен фонд 2020-03-10 Заемна - подръчен фонд 6.50   821/С 19 А 120000843087   3.32   Книги Universal Decimal Classification
Vip Innovations Ltd, Rousse, Bulgaria 2025